000 00555nam a2200169Ia 4500
008 090711s9999 xx 000 0 und d
082 _b1373
100 _aकेळकर अरुण
245 _aइSछापत्र का व कसे ?
260 _bऔदुंबर प्रकाशन
_c2000
300 _a67
600 _aकेळकर अरुण
630 _aइSछापत्र का व कसे ?
700 _aकेळकर अरुण
730 _aइSछापत्र का व कसे ?
942 _cBOOK
999 _c338370
_d338370